000 00243nam a22001217a 4500
082 _a891.4392
100 _aBano Qudsia
245 _aAadhi Baat
260 _aLahore
_bSang e Meel
_c2010.
300 _b22cm
500 _aHardcover.
942 _cBK
999 _c33071
_d33071